000 01117nac a22003137a 4500
001 BR8404366
003 BR-BrBNA
005 20240105120145.0
008 230509b bl.|||m| |||| 00| 0 por d
040 _aBR-BrBNA
_bpor
_cBiblioteca Nacional de Agricultura
072 _aL02
090 _a5213 BR8404366
100 1 _aCarvalho Filho, O.M. de
100 1 _aLanguidey, P.H.
100 1 _aAragao, W.M.
110 1 _aUnidade de Execucao de Pesquisa de Ambito Estadual de Aracaju, SE (Brasil)
_910344
245 1 _aEfeito do pasto suplementar em banco de proteina de leucena no desenvolvimento de novilhos de corte em pastagens de capim Buffel, em Carira, Sergipe [Brasil]
260 3 _aAracaju, SE (Brasil):
_c1984.
300 _a7 p.
490 _aPesquisa em Andamento - Unidade de Execucao de Pesquisa Estadual de Aracaju (Brazil)
_vno. 29
_xISSN 0101-7357
650 _aNOVILHO DE CORTE
650 _aSUPLEMENTO ALIMENTAR
650 _aPROTEINA
650 _aLEUCAENA
650 _aCAPIM BUFFEL
650 _aSERGIPE
909 _a202312
_bLúcia Elande
_c55
_dLúcia Elande
942 _2AGRIS
_n0
_cMS
999 _c278151
_d278151